Demonstrating Responsible Business: Corporate Social Responsibility and Sustainability Practices of Leading Companies in India (Record no. 43372)

MARC details
000 -LEADER
fixed length control field 00620nam a22001817a 4500
005 - DATE AND TIME OF LATEST TRANSACTION
control field 20250324164604.0
008 - FIXED-LENGTH DATA ELEMENTS--GENERAL INFORMATION
fixed length control field 250324b |||||||| |||| 00| 0 eng d
020 ## - INTERNATIONAL STANDARD BOOK NUMBER
International Standard Book Number 9789388414142
041 ## - LANGUAGE CODE
Language code of text/sound track or separate title Eng.
082 ## - DEWEY DECIMAL CLASSIFICATION NUMBER
Classification number 658.408 ROY
100 ## - MAIN ENTRY--PERSONAL NAME
Author Roy, Vineeta Dutta
245 ## - TITLE STATEMENT
Title Demonstrating Responsible Business: Corporate Social Responsibility and Sustainability Practices of Leading Companies in India
260 ## - PUBLICATION, DISTRIBUTION, ETC.
Place New Dehli
Publisher Bloomsbury
Publication Year 2019
300 ## - PHYSICAL DESCRIPTION
Extent 302;. P. 23 cm
650 ## - SUBJECT ADDED ENTRY--TOPICAL TERM
Subject Business Enterprises-Environmental Aspects; Management-Environmental Aspects
700 ## - ADDED ENTRY--PERSONAL NAME
Co-Author Chatterjee, Bhaskar
942 ## - ADDED ENTRY ELEMENTS (KOHA)
Koha item type Books
Holdings
Withdrawn status Lost status Source of classification or shelving scheme Damaged status Not for loan Home library Current library Shelving location Accession Date Vendor Price Bill number Full call number Barcode No Date last seen Discount Bill Date Koha item type Suggested By
    Dewey Decimal Classification     IMTN IMTN Rack 31-B 03/18/2025 Raghav Books Private Limited 999.00 2374 658.408 ROY 33663 03/24/2025 30 02/14/2025 Books Dr. Rajnandan Patnaik
Designed & Maintained by: LRC IMT Nagpur Contact: lrc@imtnag.ac.in© 2024. All Rights Reserved.